AH International Schools' Libraries

Big red barn / (Record no. 48110)

MARC details
000 -LEADER
fixed length control field 00410nam a2200133 4500
020 ## - INTERNATIONAL STANDARD BOOK NUMBER
International Standard Book Number 9780060207489
100 ## - MAIN ENTRY--PERSONAL NAME
Personal name Brown, Margaret Wise.
9 (RLIN) 85868
245 ## - TITLE STATEMENT
Title Big red barn /
Statement of responsibility, etc Margaret Wise Brown.
260 ## - PUBLICATION, DISTRIBUTION, ETC. (IMPRINT)
Place of publication, distribution, etc New York:
Name of publisher, distributor, etc Harper Collins Publishers;
Date of publication, distribution, etc 1989.
300 ## - PHYSICAL DESCRIPTION
Extent unpaged.
Other physical details col. ill.
Dimensions 25 cm.
650 ## - SUBJECT ADDED ENTRY--TOPICAL TERM
Topical term or geographic name as entry element Farm life;
Form subdivision Fiction.
700 ## - ADDED ENTRY--PERSONAL NAME
Relator code illustrator.
Personal name Felicia Bond.
9 (RLIN) 85869
942 ## - ADDED ENTRY ELEMENTS (KOHA)
Source of classification or shelving scheme
Koha item type Book
Holdings
Withdrawn status Lost status Source of classification or shelving scheme Damaged status Not for loan Collection code Home library Current library Date acquired Total Checkouts Full call number Barcode Date last seen Date checked out Price effective from Koha item type
          TEACHERS' RESOURCES Asian Hope Early Years Library Asian Hope Early Years Library 12/16/2024 1 E BRO 207309 11/27/2025 08/18/2025 12/16/2024 Book

For any Logos Library related questions please contact Miss Art at swongnarasuk@asianhope.org.

For any Asian Hope Library related questions please contact Miss Raza at graza@asianhope.org.

Powered by Koha